[Event "Quebec Montcalm op 3 2002-03"]
[Site "Quebec"]
[Date "2002.12.19"]
[Round "5"]
[White "Bourassa, Andre"]
[Black "Martineau, Michel"]
[Result "1/2-1/2"]
[WhiteElo "1664"]
[BlackElo "1861"]
[PlyCount "87"]
[EventDate "2002.11.21"]
[EventType "swiss"]
[EventRounds "5"]
[EventCountry "CAN"]
[SourceTitle "EXT 2022"]
[Source "ChessBase"]
[SourceDate "2021.10.06"]
[SourceVersion "1"]
[SourceVersionDate "2021.10.06"]
[SourceQuality "1"]

1. d4 g6 2. c4 Bg7 3. Nc3 c5 4. e3 Nf6 5. Nf3 0-0 6. Bd3 cxd4 7. exd4 d5 8. c5 Nc6 9. a3 Bg4 10. Be2 b6 11. h3 Bf5 12. Qa4 Bd7 13. Bb5 Rc8 14. Be3 bxc5 15. dxc5 e5 16. Bg5 e4 17. Nd2 Ne5 18. 0-0 Rxc5 19. Bxd7 Qxd7 20. Qxd7 Nexd7 21. Be3 Rc7 22. Rfd1 Rb8 23. Bf4 Rxc3 24. Bxb8 Rc2 25. Bxa7 Nc5 26. Bxc5 Rxc5 27. b4 Rc3 28. a4 d4 29. a5 e3 30. fxe3 dxe3 31. Nf3 Rc8 32. Ra3 Bh6 33. a6 Ne4 34. a7 Ra8 35. b5 e2 36. Re1 Rxa7 37. Rxa7 Be3+ 38. Kh2 Bxa7 39. Rxe2 Nd6 40. Rb2 Bb8 41. Kh1 Ne4 42. b6 Kf8 43. b7 Ng3+ 44. Kh2 1/2-1/2

[Event "Quebec Montcalm op 3 2002-03"]
[Site "Quebec"]
[Date "2002.12.05"]
[Round "3"]
[White "Lessard, Claude"]
[Black "Martineau, Michel"]
[Result "0-1"]
[WhiteElo "1953"]
[BlackElo "1861"]
[PlyCount "40"]
[EventDate "2002.11.21"]
[EventType "swiss"]
[EventRounds "5"]
[EventCountry "CAN"]
[SourceTitle "EXT 2022"]
[Source "ChessBase"]
[SourceDate "2021.10.06"]
[SourceVersion "1"]
[SourceVersionDate "2021.10.06"]
[SourceQuality "1"]

1. d4 g6 2. e4 Bg7 3. Nf3 c6 4. Bd3 d5 5. exd5 cxd5 6. h3 Nc6 7. 0-0 Nh6 8. Bf4 0-0 9. c3 f6 10. Bxh6 Bxh6 11. Re1 Qc7 12. c4 Nb4 13. cxd5 Kg7 14. Nc3 Nxd3 15. Qxd3 Bf5 16. Qe2 Rfe8 17. g4 Bd7 18. Ne4 Bf4 19. Nc5 Rad8 20. Qb5 Bxb5 0-1

[Event "Quebec Montcalm op 2 2002-03"]
[Site "Quebec"]
[Date "2002.11.07"]
[Round "4"]
[White "Auger, Bertrand"]
[Black "Martineau, Michel"]
[Result "1/2-1/2"]
[WhiteElo "2021"]
[BlackElo "1865"]
[PlyCount "121"]
[EventDate "2002.10.17"]
[EventType "swiss"]
[EventRounds "5"]
[EventCountry "CAN"]
[SourceTitle "EXT 2022"]
[Source "ChessBase"]
[SourceDate "2021.10.06"]
[SourceVersion "1"]
[SourceVersionDate "2021.10.06"]
[SourceQuality "1"]

1. Nf3 g6 2. g3 Bg7 3. c4 e5 4. Nc3 d6 5. Bg2 f5 6. d3 Nf6 7. 0-0 0-0 8. Qc2 c6 9. c5 Na6 10. cxd6 Qxd6 11. a3 h6 12. b4 Nc7 13. Bb2 Bd7 14. Na4 Rae8 15. Qc5 Qxc5 16. Nxc5 b6 17. Nxd7 Nxd7 18. Nd2 c5 19. Rfc1 Na6 20. Bb7 Ndb8 21. Nb3 cxb4 22. Bxa6 Nxa6 23. axb4 Nxb4 24. Rxa7 Ra8 25. Rb7 Nd5 26. e4 Nb4 27. Rcc7 Bh8 28. Nc1 Rfc8 29. Kf1 Rxc7 30. Rxc7 Rd8 31. Ke2 Bf6 32. Rc4 Na6 33. Rc6 Kf7 34. Rxb6 Nc5 35. exf5 gxf5 36. f4 Nd7 37. Rb7 Kg6 38. fxe5 Nxe5 39. Bxe5 Bxe5 40. Kf3 h5 41. Rb6+ Kg7 42. h4 Rd7 43. Rb3 Kf6 44. Ne2 Rd6 45. d4 Bxd4 46. Rd3 Bc5 47. Rxd6+ Bxd6 48. Nf4 Bb8 49. Nxh5+ Kg6 50. Nf4+ Kh6 51. Nd5 Kg6 52. Nf4+ Kh6 53. Ke3 Ba7+ 54. Kd3 Bb6 55. Kc4 Bf2 56. Ne2 f4 57. gxf4 Bxh4 58. Kd5 Kg7 59. Ke6 Bf6 60. Ng3 Bb2 61. f5 1/2-1/2

[Event "Quebec Montcalm op 2 2002-03"]
[Site "Quebec"]
[Date "2002.10.17"]
[Round "1"]
[White "Martineau, Michel"]
[Black "Audet Bouchard, Nicolas"]
[Result "0-1"]
[WhiteElo "1865"]
[BlackElo "2005"]
[PlyCount "60"]
[EventDate "2002.10.17"]
[EventType "swiss"]
[EventRounds "5"]
[EventCountry "CAN"]
[SourceTitle "EXT 2022"]
[Source "ChessBase"]
[SourceDate "2021.10.06"]
[SourceVersion "1"]
[SourceVersionDate "2021.10.06"]
[SourceQuality "1"]

1. d4 Nf6 2. Nc3 g6 3. e4 d6 4. f4 Bg7 5. Nf3 c5 6. dxc5 Qa5 7. Qd3 Nc6 8. Qb5 dxc5 9. Be3 Qc7 10. Nd5 Qb8 11. Nxf6+ Bxf6 12. e5 Bg7 13. Bxc5 0-0 14. Be2 Bd7 15. Bxe7 Nxe5 16. Qxe5 Bxe5 17. Nxe5 Re8 18. Nxd7 Qxf4 19. Nf6+ Kg7 20. Nxe8+ Rxe8 21. Rf1 Qxh2 22. Bf6+ Kf8 23. Rd1 Qxg2 24. Rd2 h5 25. Rf2 Qg3 26. Bd4 Re4 27. Kd1 Rxd4 28. Rxd4 Qxf2 29. c3 h4 30. Kd2 h3 0-1

[Event "Quebec Montcalm op 3rd"]
[Site "Quebec"]
[Date "2001.11.22"]
[Round "1"]
[White "Martineau, Michel"]
[Black "Plante, Rejean"]
[Result "0-1"]
[WhiteElo "1898"]
[BlackElo "2166"]
[PlyCount "110"]
[EventDate "2001.11.22"]
[EventType "swiss"]
[EventRounds "5"]
[EventCountry "CAN"]
[SourceTitle "EXT 2009"]
[Source "ChessBase"]
[SourceDate "2008.11.26"]
[SourceVersion "1"]
[SourceVersionDate "2008.11.26"]
[SourceQuality "1"]

1. Nf3 c5 2. c4 Nc6 3. g3 g6 4. Bg2 Bg7 5. Nc3 d6 6. 0-0 Bd7 7. Rb1 Nf6 8. d4 cxd4 9. Nxd4 0-0 10. Nxc6 Bxc6 11. Nd5 Rc8 12. e4 b5 13. cxb5 Bxb5 14. Re1 Re8 15. Bg5 Nxd5 16. exd5 h6 17. Be3 Qa5 18. a4 Bxa4 19. Ra1 Bxd1 20. Rxa5 Bc2 21. Rxa7 Bxb2 22. Bxh6 Bf6 23. h4 Ra8 24. Rxa8 Rxa8 25. Bg5 Kg7 26. Re3 Ra1+ 27. Kh2 Ra7 28. Bxf6+ Kxf6 29. Rf3+ Kg7 30. Re3 Kf6 31. Rf3+ Kg7 32. Re3 Kf8 33. Bf3 Ra4 34. Kg2 Rd4 35. Kf1 Bd1 36. Bg2 f5 37. Ra3 Ba4 38. Ke1 Kg7 39. Re3 Kf7 40. Ra3 Bd1 41. Re3 Bc2 42. Ra3 Kf6 43. Ra5 f4 44. Bf3 Bb3 45. Ra3 Bxd5 46. Bxd5 Rxd5 47. Rf3 Rd4 48. gxf4 Kf5 49. Rh3 Re4+ 50. Kd2 Kxf4 51. h5 Kg4 52. Rh2 gxh5 53. f3+ Kxf3 54. Rxh5 Rd4+ 55. Kc3 e5 0-1

[Event "Quebec Montcalm op 1st"]
[Site "Quebec"]
[Date "2000.10.12"]
[Round "5"]
[White "Caire, Francois"]
[Black "Martineau, Michel"]
[Result "1/2-1/2"]
[WhiteElo "1870"]
[BlackElo "1903"]
[PlyCount "78"]
[EventDate "2000.09.15"]
[EventType "swiss"]
[EventRounds "5"]
[EventCountry "CAN"]
[SourceTitle "EXT 2022"]
[Source "ChessBase"]
[SourceDate "2021.10.06"]
[SourceVersion "1"]
[SourceVersionDate "2021.10.06"]
[SourceQuality "1"]

1. d4 g6 2. c4 Bg7 3. e4 d6 4. Nc3 Nc6 5. Be3 e5 6. d5 Nce7 7. Bd3 f5 8. f3 Nf6 9. Nge2 0-0 10. Qd2 Kh8 11. 0-0-0 fxe4 12. Nxe4 Nf5 13. Bg5 Nxe4 14. fxe4 Qxg5 15. Qxg5 Bh6 16. Qxh6 Nxh6 17. Rhf1 Bd7 18. h3 Kg7 19. Kd2 Ng8 20. Ng3 Rf4 21. Ne2 Rf6 22. Ng3 Raf8 23. Ke3 h5 24. Rxf6 Rxf6 25. Rf1 h4 26. Nh1 g5 27. Rxf6 Kxf6 28. Nf2 Ne7 29. Be2 Ng6 30. Nd3 Nf4 31. Nxf4 exf4+ 32. Kd4 b6 33. b4 Ba4 34. Bf3 Bc2 35. a3 a6 36. Bg4 Ba4 37. Bf3 Bd7 38. Be2 Be8 39. Bg4 Ba4 1/2-1/2